| 000 | 00554nam a2200193 4500 | ||
|---|---|---|---|
| 001 | 143473 | ||
| 003 | ES-MaACL | ||
| 005 | 20230906200827.0 | ||
| 007 | t| | ||
| 008 | 070214s1986 fr r ||||1| fre d | ||
| 100 | 1 |
_aSerres, Michel. _9105833 |
|
| 245 | 1 | 4 |
_aLes cinq sens / _cMichel Serres. |
| 260 |
_aParis : _bBernard Grasset, _c1986. |
||
| 300 |
_a381 p. ; _c23 cm. |
||
| 490 | 1 |
_aPhilosophie des corps mêlés ; _v1 |
|
| 830 | 0 |
_aPhilosophie des corps mêlés ; _v1 _9220567 |
|
| 852 |
_aES-MaACL _jL-11650 _bR.113501 |
||
| 999 |
_c143473 _d143473 |
||